000 00987aam a2200301 i 4500
999 _c69094
_d69094
001 69094
003 Mx-PuUPA
005 20220302080948.0
008 200903s1998 mx a|||gr|||| 001 0 spa d
020 _a9789682320712
040 _aMx-PuUPA
_bspa
_cMx-PuUPA
_dMx-PuUPA
_erda
041 0 _aspa
100 1 _910881
_aMoradiellos, Enrique,
_d1961-
_eautor
245 1 3 _aEl oficio de historiador /
_cpor Enrique Moradiellos
250 _aQuinta edición
264 4 _aMéxico, D.F. :
_bSiglo XXI editores,
_c1998
300 _axii, 158 páginas :
_bilustraciones ;
_c21 cm
336 _2rdacontent
_atexto
_btxt
337 _2rdamedia
_asin medio
_bn
338 _2rdacarrier
_avolumen
_bnc
650 4 _aHistoria
_xFilosofía
650 4 _aHistoriografía
650 4 _aHistoria
_xInvestigación
942 _2ddc
_cLI
_h907.2
_iM827